000 01743nam a2200349 c 4500
003 BLK
005 20180422110623.0
008 180409b bul|||||r ||||||| ||bul||
010 _aKNG00125154000
040 _aBLK
041 _aBUL
_cBUL
080 _aВлияние на тютюна върху организма. Пушене от хигиенна гледна точка - Борба против злоупотребата с тютюн, тютюн без никотин, движение срещу тютюнопушенето
_b613.84
_x
_z613.84
080 _aПрофесионални болести. Общи въпроси
_b613.62
_x
_z613.62
100 1 _aАлексиева, Цветана
_eпърви автор
_9369506
700 1 _aБурилков, Тодор Димов
_eсъавт.
_9369304
139 _aАлексиева, Цветана и др.
_bА 52
245 1 0 _aТютюнопушене и професионални вредности
_bНауч.-попул. очерк
_cЦветана Алексиева; съавт. Тодор Димов Бурилков.
257 _aBGR
260 София
_bМедицина и физкултура
_c1982
300 _a28 с.
_c18 см
380 _a61
490 1 _aБиблиотека Наука и трезвеност
_v2
650 4 _aТютюнопушене
_9174525
650 4 _aПрофесионални болести
_9271600
653 _aтютюнопушене
653 _aпрофесионални заболявания
852 _aЦб І 19954
856 4 _qpdf
_u
856 4 _qpdf
_u
942 _cKNG
_n0
944 _aCR
_c23.08.2011
_l23.08.2011 - от С1,Р / 23.08.2011
_kДиана_Димитрова
944 _aED
_c23.08.2011
_l23.08.2011 - от С1,Р / 23.08.2011
_k
999 _c119539
_d119539